Science Quiz

Random Science Quiz
Score 0/18 Timer 03:00
0 Plays Today
Hint Compound % Correct
InducerPhenytoin
86.1%
InducerRifampin
62.4%
InducerSt. John's wort
56.4%
InhibitorErythromycin
55.4%
InhibitorCimetidine
53.5%
InducerPhenobarbital
48.5%
InhibitorKetoconazole
48.5%
InhibitorFluconazole
42.6%
InhibitorGrapefruit Juice
42.6%
Hint Compound % Correct
InhibitorClarithromycin
34.7%
InducerSmoking
28.7%
InhibitorFluoxetine
27.7%
InducerCarbamazipine
24.8%
InhibitorItraconazole
23.8%
InhibitorParoxetine
18.8%
InhibitorVerapamil
18.8%
InhibitorDiltiazem
16.8%
InhibitorFluvoxamine
10.9%
Remove Ads.
Support Sporcle.
Get the best of Sporcle when you Go Orange. This ad-free experience offers more features, more stats, and more fun while also helping to support Sporcle. Thank you for becoming a member.

You're not logged in!

Compare scores with friends on all Sporcle quizzes.
OR
Log In

Show Comments

Extras

Top Quizzes Today


Score Distribution

Your Account Isn't Verified!

In order to create a playlist on Sporcle, you need to verify the email address you used during registration. Go to your Sporcle Settings to finish the process.

Report this User

Report this user for behavior that violates our Community Guidelines.

Details: